00497pab a2200169 454500008004000000100002000040245004100060260000900101300001100110362001200121650001900133700001400152773003400166909000900200999001500209952010300224180718b1983 xxu||||| |||| 00| 0 eng d aNatarajan, K.S. aUnder - enumeration in Indian census c1983 a314-15 a26 Feb. aCensus - India aK.K. Unni aEconomic and Political Weekly a5204 c5204d5204 00104070aIIPAbIIPAd2018-07-19hVolume no: 18, Issue no: 9pAR5210r2018-07-19w2018-07-19yAR